00473pab a2200145 454500008004000000100001800040245013400058260000900192300001400201362001200215650002600227650001800253700001700271773003900288180718b2009 xxu||||| |||| 00| 0 eng d aBathla, Seema aLabour market in rural unorganised manufacturing: its growth: disparities and determinants during the post-reform period in India c2009 ap.216-41. aApr-Jun aLabour market - India aLabour market aSharma, R.K. aIndian Journal of Labour Economics